le midi n°3 - Statistiques

Statistiques générales
  • Ce quiz a été pris 10 fois
  • Le résultat moyen est 9 sur 21
Statistiques - réponses
Hint Réponse % Correct
pourcentage de la population mendiante à Nîmes en 1810 11
100%
ensemble des violences qui se déroule lors des deux restaurations, du printemps 1814 et de l’été 1815. terreur blanche
100%
symbole symbolisant le retour à la monarchie drapeau blanc / fleur de lys / bustes du nouveau souverain
75%
chef des royalistes en exil en Espagne duc d'Angoulême
75%
forme d'allégeance au nouveau pouvoir(retour Louis XVIII)regroupant 2000 signatures à Nîmes,et 150 de la garde nationale à Montpellier adresses
50%
évenement en Avril 1814 témoignant l'absence d'élan patriotique dans la région vis à vis de Napoléon chute de Toulouse
50%
facteurs de l'explosion de violence dans le midi suite à la restauration crise économique / blocus continental
50%
personnage descendant dans le midi en 1830 et qui parle d’une terre chaude qui “boit si vite le sang” avec des gens d'origine “semi-espagnol et semi-sarrazine” Dumas
50%
homme politique conservateur du midi à la tête du pouvoir dans les années 1840 François Guizot
50%
terme utilisé par les auteurs progressistes pour définir la religiosité exagérée des royalistes de la région jacobinisme blanc
50%
Journal légitimiste sur lequel la haute noblesse s'appuie avec le clergé l'Occitanique
50%
JOURS en 1815 de l'affrontement entre la garde nationale bonapartiste et les royalistes 17 juin / 24 juin
25%
représentant de la lignée royaliste extremistes ,en opposition avec la lignée plus conservatrice de Louis XVIII compte d'Artois
25%
guerre indirecte mené par le duc d'Angoulême de nouveau en exil dans le but de provoquer un soulèvement par des publications mensongères guerre des symboles
25%
compte révolutionnaire chargé de commander une armée pour Louis XVIII contre Napoléon Bonaparte qui fait son retour en France ,cette armée se débandera et le duc d'Angoulême en sera fait prisonnier Hautpoul
25%
contestation construit sur une base à la fois politique et socio économique à cause des crises de subsistances la campagne des banquets
25%
bâtiment détruit à Montpellier, et dont les matériaux serviront à la construction d'un marquis revenu d'exil La colonne de la liberté
25%
émissaire royal qui met en place à Béziers une troupe et marche sur les bourgs viticoles des alentours pour les soumettre au royalisme le baron Auguste de Jessé
25%
évènement qui permet d'intégrer des notables protestants et qui marque la fin de la domination des Ultras. le cens à 200 francs
25%
émissaire royaliste tentant de soulever le territoire contre Bonaparte à Sète marquise de Montcalm / comte de Bernis
25%
loi de 1825 permettant aux royalistes exilés de retrouver leur rang et de participer à la vie politique. loi du milliard des émigrés
0%
Aucun quiz correspondant
Distribution des résultats
% des personnes avec chaque résultat
Percentile par nombre de réponses
Votre historique - résultats
Vous n’avez pas pris ce quiz